LEADER 00847nam0-2200277 --450 001 9910283855503321 005 20180917132055.0 010 $a978-88-15-27108-2$bIl^mulino 100 $a20180917d2017----kmuy0itay5050 ba 101 0 $aita$cita 102 $aIT 105 $a 001yy 200 1 $aOtto lezioni sul mondo$eBonino, Cassese, Lamy, Lazar, Letta, Napolitano, Van Rompuy, Zhimin$fa cura di Marco Meloni 210 $aBologna$cIl mulino$aRoma$cArel$d2017 215 $a101 p.$cill.$d21 cm 225 1 $aScuola di politiche 610 0 $aPolitica$a2015 676 $a909.8312$v23$zita 702 1$aMeloni,$bMarco$f<1971-> 801 0$aIT$bUNINA$gREICAT$2UNIMARC 901 $aBK 912 $a9910283855503321 952 $aII G 304$b442/2018$fFSPBC 959 $aFSPBC 996 $aOtto lezioni sul mondo$91507102 997 $aUNINA